000 00688nam a2200289Ia 4500
005 20260324121038.0
008 008 260324s9999 xx 000 0 eng d
020 _a9781003192893
037 _aEBOOK
040 _aCRL
040 _beng
040 _cCRL
041 _2eng
041 _aeng
084 _qCRL
100 _aRick Krohn; David Metcalf
_91160977
245 0 _amHealth Innovation
245 0 _bBest Practices from the Mobile Frontier
260 _bTaylor and Francis
260 _c2014
365 _a
365 _b400
856 _uhttp://www.taylorfrancis.com/books/9781003192893
942 _cEBOOK
999 _c1752832
_d1752832